01077cam a22002054a 450000500170000002000150001704000170003208200150004924501310006426000890019530000350028450400510031952003650037054600080073565000250074365000360076870000240080470000190082870000240084720260521063530.0 a8120330005 aMCC LIBbeng00a651.50426100aStrategic management of information systems in healthcare /c[edited by] Gordon D. Brown, Tamara T. Stone, Timothy B. Patrick. aChicago, IL :bHealth Administration Press ;aWashington, DC :bAUPHA Press,cc2005. axvii, 310 p. :bill. ;c27 cm. aIncludes bibliographical references and index. aUncover the latest information you need to know when entering the growing health information management job market with this text. An easy-to-understand approach and expanded content on data analytics, meaningful use, and public health informatics content, plus a handy companion website, make it even easier for you to learn to manage and use healthcare data. aeng 0aMedical informatics. 0aHealth services administration.1 aBrown, G. D.cPh.D.1 aStone, Tamara.1 aPatrick, Timothy B.